[Event "FIDE WCh Women KO"]
[Site "Moscow RUS"]
[Date "2001.12.05"]
[Round "4.4"]
[White "Khurtsidze,N"]
[Black "Zhu Chen"]
[Result "1/2-1/2"]
[WhiteElo "2425"]
[BlackElo "2497"]

1.d4 d5 2.c4 c6 3.e3 Nf6 4.Nf3 Bf5 5.Nc3 e6 6.Nh4 Be4 7.f3 Bg6 8.Qb3 Qc7
9.Bd2 Nbd7 10.O-O-O Qb6 11.Nxg6 Qxb3 12.axb3 hxg6 13.h3 O-O-O 14.Bd3 c5 15.cxd5 exd5
16.Ne2 Bd6 17.Kb1 Kb8 18.dxc5 Nxc5 19.Bc2 Rhe8 20.Bc1 Na6 21.Nc3 Nb4 22.Nb5 Bg3
23.Bd2 Nc6 24.Be1 Be5 25.g4 a6 26.Nd4 Nxd4 27.exd4 Bf4 28.Bd3 Nd7 29.Bf2 Ka7
30.Rhe1 Nb8 31.h4 Nc6 32.h5 g5 33.Bf5 Kb6 34.Bd3 Kc7 35.Bf5 Kd6 36.Bd3 Nb4
37.Bf5 Kc7 38.Rxe8 Rxe8 39.Re1 Rxe1+ 40.Bxe1 Nc6 41.Bf2 Ne7 42.Bd3 Kd7 43.Kc2 Ke6
44.Kc3 Kd7 45.Kc2 b5 46.Kc3 Kc6 47.Bc2 Kb6 48.Kd3 f5 49.Kc3 fxg4 50.fxg4 Nc6
51.Bf5 b4+ 52.Kd3 Ne7 53.Be6 Kc7 54.Bf7 Kd7 55.Kc2 Kd6 56.Kd3 Nc8 57.Be1 a5
58.Bf2 Nb6 59.Kc2 Nd7 60.Bg6 Nf6 61.Bf5 Ne8  1/2-1/2

[Event "FIDE WCh Women KO"]
[Site "Moscow RUS"]
[Date "2001.12.07"]
[Round "5.3"]
[White "Chiburdanidze,M"]
[Black "Zhu Chen"]
[Result "1/2-1/2"]
[WhiteElo "2513"]
[BlackElo "2497"]

1.d4 d5 2.c4 c6 3.Nf3 Nf6 4.e3 a6 5.Bd3 Bg4 6.O-O e6 7.Nbd2 Nbd7 8.b3 Be7
9.Bb2 O-O 10.Qc2 dxc4 11.Nxc4 Bxf3 12.gxf3 Rc8 13.Qe2 b5 14.Nd2 Nd5 15.Rad1 Qa5
16.a3 Qc7 17.Rc1 Qb8 18.b4 Bd6 19.f4 f5 20.Kh1 Qb6 21.Nb3 Qd8 22.Rg1 Qh4
23.Qf3 Be7 24.Rg3 Qf6 25.Na5 Nb8 26.Rc2 Rf7 27.Rg1 Bd8 28.Nb3 Bb6 29.Bc1 Qd8
30.Bd2 Qd6 31.Nc1 Qd8 32.Nb3 Qd6  1/2-1/2

[Event "FIDE WCh Women KO"]
[Site "Moscow RUS"]
[Date "2001.12.08"]
[Round "6.1"]
[White "Kosteniuk,A"]
[Black "Zhu Chen"]
[Result "1-0"]
[WhiteElo "2455"]
[BlackElo "2497"]

1.e4 e5 2.Nf3 Nf6 3.Nxe5 d6 4.Nf3 Nxe4 5.d4 d5 6.Bd3 Bd6 7.O-O O-O 8.c4 c6
9.Nc3 Nxc3 10.bxc3 dxc4 11.Bxc4 Bg4 12.h3 Bh5 13.Rb1 b5 14.Bd3 Re8 15.Re1 Rxe1+
16.Qxe1 Bxf3 17.gxf3 a6 18.Qe4 g6 19.Bh6 Ra7 20.Qg4 Qe8 21.Kf1 Re7 22.f4 Nd7
23.f5 c5 24.Bg5 f6 25.Be3 c4 26.Bc2 g5 27.a4 Nb6 28.Qg2 Kh8 29.axb5 axb5
30.Ra1 Qc8 31.Ra5 Qe8 32.Ra6 Bc7 33.Qf3 Qc8 34.Ra1 Qe8 35.Kg2 Kg8 36.Ra7 Bd8
37.Ra6 b4 38.cxb4 Qb5 39.Ra5 Qxb4 40.Rc5 Qb2 41.Be4 c3 42.Bd5+ Kh8 43.Be6 Qb4
44.Qc6 Kg7 45.Qd6 Nd7 46.Bxd7 Rxe3 47.Be6 Rxe6 48.fxe6 Ba5 49.Qd7+ Kh6 50.e7  1-0

[Event "FIDE WCh Women KO"]
[Site "Moscow RUS"]
[Date "2001.12.10"]
[Round "6.2"]
[White "Zhu Chen"]
[Black "Kosteniuk,A"]
[Result "1-0"]
[WhiteElo "2497"]
[BlackElo "2455"]

1.d4 d5 2.c4 e6 3.Nc3 c6 4.e4 dxe4 5.Nxe4 Bb4+ 6.Bd2 Qxd4 7.Bxb4 Qxe4+ 8.Be2 Na6
9.Bc3 f6 10.Nf3 Ne7 11.Nd2 Qf4 12.g3 Qc7 13.Bh5+ Ng6 14.f4 O-O 15.Qe2 Ne7
16.Bf3 Nf5 17.O-O-O Rb8 18.Nb3 c5 19.Rd2 Nb4 20.Kb1 b6 21.Rhd1 a5 22.a4 Nc6
23.g4 Nfe7 24.g5 fxg5 25.Qg2 e5 26.fxe5 Bf5+ 27.Ka1 Nxe5 28.Qxg5 N7g6 29.Qg3 Qe7
30.Bd5+ Kh8 31.Nc1 Rbe8 32.Re1 Qc7 33.Rde2 Qd7 34.Bxe5 Nxe5 35.Rxe5 Qxa4+
36.Na2 Rxe5 37.Qxe5 Bg6 38.Qd6 Re8 39.Rxe8+ Qxe8 40.Nc3 h5 41.Qxb6 a4 42.Qe6  1-0

[Event "FIDE WCh Women KO"]
[Site "Moscow RUS"]
[Date "2001.12.13"]
[Round "6.4"]
[White "Zhu Chen"]
[Black "Kosteniuk,A"]
[Result "0-1"]
[WhiteElo "2497"]
[BlackElo "2455"]

1.d4 f5 2.Nf3 Nf6 3.g3 e6 4.Bg2 d5 5.O-O Bd6 6.b3 Qe7 7.c4 c6 8.Bb2 O-O 9.Qc1 a5
10.Ba3 Na6 11.Bxd6 Qxd6 12.c5 Qe7 13.Ne5 Nd7 14.Nxd7 Bxd7 15.f4 b6 16.cxb6 Qb4
17.Qc3 Qxb6 18.Nd2 Rfc8 19.Rfc1 c5 20.Nf3 Rc7 21.e3 Rac8 22.Qd2 a4 23.Ne5 Be8
24.dxc5 Nxc5 25.bxa4 Bxa4 26.Rab1 Qa7 27.Qd4 Be8 28.Rc2 Qa3 29.Qc3 Qa4 30.Qb2 Qa6
31.Bf1 Qa7 32.Qd4 Qa3 33.Qc3 Qa4 34.Qb2 Qe4 35.Re1 g5 36.Bg2 Qa4 37.Rec1 Qa5
38.Qc3 Qa7 39.Qd4 Qa3 40.Qc3 Nb3 41.Qxb3 Qxb3 42.axb3 Rxc2 43.Rxc2 Rxc2 44.fxg5 Re2
45.Nf3 Rxe3 46.Nd4 Kf7 47.Bf1 Bd7 48.Kf2 Rc3 49.b4 e5 50.Nf3 Ke6 51.Nh4 e4
52.g6 hxg6 53.Nxg6 d4 54.h4 Rc2+ 55.Ke1 Rc1+ 56.Kf2 e3+ 57.Kg1 Bb5  0-1

[Event "FIDE WCh Women KO"]
[Site "Moscow RUS"]
[Date "2001.12.14"]
[Round "6.5"]
[White "Zhu Chen"]
[Black "Kosteniuk,A"]
[Result "1-0"]
[WhiteElo "2497"]
[BlackElo "2455"]

1.d4 d5 2.c4 e6 3.Nf3 c6 4.e3 Nf6 5.Bd3 Nbd7 6.O-O dxc4 7.Bxc4 b5 8.Bd3 a6
9.a4 b4 10.e4 c5 11.Nbd2 cxd4 12.e5 Nd5 13.Ne4 Qc7 14.Bb1 Nxe5 15.Nxd4 Be7
16.Re1 Bb7 17.Qh5 Ng6 18.Ng5 Bxg5 19.Bxg6 O-O-O 20.Bxf7 Bf6 21.Nxe6 Qe7 22.Bd2 g6
23.Nxd8 Qxd8 24.Qg4+ Kb8 25.Bxb4 Nxb4 26.Qxb4 Qd7 27.Bc4 Qc6 28.Bf1 Bd8 29.Rac1 Qf6
30.Qc3 Qf8 31.Qe5+ Ka8 32.b4 Bb6 33.Rc2 Qd8 34.a5 Ba7 35.Rd2 Qc8 36.Rc1 Qf8
37.b5 Bb8 38.Qc3 Qh6 39.g3 Rc8 40.Qxc8 Bxc8 41.Rxc8 Kb7 42.Rdd8  1-0

[Event "FIDE WCh Women KO"]
[Site "Moscow RUS"]
[Date "2001.12.14"]
[Round "6.8"]
[White "Kosteniuk,A"]
[Black "Zhu Chen"]
[Result "0-1"]
[WhiteElo "2455"]
[BlackElo "2497"]

1.e4 c5 2.Nf3 d6 3.d4 cxd4 4.Nxd4 Nf6 5.Nc3 a6 6.f3 e5 7.Nb3 Be6 8.Be3 Be7
9.Qd2 h5 10.Be2 Nbd7 11.a4 Rc8 12.a5 g6 13.O-O h4 14.Nd5 Bxd5 15.exd5 Nh5
16.c4 f5 17.Rfd1 f4 18.Bf2 h3 19.c5 dxc5 20.d6 Bh4 21.Bc4 Bxf2+ 22.Qxf2 Qg5
23.Rd2 Nhf6 24.Qe1 Kf8 25.Re2 e4 26.fxe4 Ne5 27.Qc3 Nxe4 28.Qc2 Nf3+ 29.Kf1 Nxh2+
30.Ke1 Nf3+ 31.Kd1 hxg2 32.Qxe4 g1=Q+ 33.Kc2 Nd4+ 34.Nxd4 Qxd4 35.Rf1 Qxe4+
36.Rxe4 Qg2+  0-1

[Event "FIDE GP"]
[Site "Dubai UAE"]
[Date "2002.04.05"]
[Round "3.4"]
[White "Zhu Chen"]
[Black "Dreev,A"]
[Result "1/2-1/2"]
[WhiteElo "2505"]
[BlackElo "2683"]

1.d4 d5 2.c4 c6 3.Nf3 Nf6 4.e3 Bf5 5.Nc3 e6 6.Nh4 Bg6 7.Qb3 Qc7 8.Bd2 Ne4
9.Nxe4 Bxe4 10.cxd5 Bxd5 11.Qc2 Be7 12.Nf3 f5 13.Bd3 Nd7 14.e4 fxe4 15.Bxe4 Nf6
16.Bxd5 exd5 17.O-O O-O 18.Ne5 Bd6 19.f4 Qb6 20.Bc3 Bxe5 21.fxe5 Ne4 22.Rf3 Ng5
23.Rf5 Ne6 24.Rd1 c5 25.Rh5 g6 26.Rh4 Rf5 27.dxc5 Qxc5+ 28.Kh1 Raf8 29.Qe2 d4
30.Bd2 Qxe5 31.Qd3 Nc5 32.Qb5 a6 33.Qc4+ Qd5 34.Qxd5+ Rxd5 35.Kg1 h5 36.Bb4 Rfd8
37.Rf4 Kg7 38.Rdf1 R8d7 39.h4 a5 40.Bd2 Re7 41.Rf8 Ne4 42.Bc1 Ng3 43.Bg5 Rxg5
44.hxg5 Nxf1 45.Rxf1 Re2 46.Rd1 Rxb2 47.Rxd4 Rxa2 48.Rd7+ Kg8 49.Rxb7 a4
50.Ra7 a3 51.Kh2 Ra1 52.Kg3 a2 53.Kh2 Kf8 54.Kg3 Kg8  1/2-1/2

[Event "FIDE GP"]
[Site "Dubai UAE"]
[Date "2002.04.05"]
[Round "3.2"]
[White "Zhu Chen"]
[Black "Dreev,A"]
[Result "1-0"]
[WhiteElo "2505"]
[BlackElo "2683"]

1.d4 d5 2.c4 e6 3.Nf3 Nf6 4.Nc3 Nbd7 5.Bg5 Bb4 6.e3 c5 7.cxd5 exd5 8.Bd3 Qa5
9.Qc2 c4 10.Bf5 O-O 11.O-O g6 12.Bxd7 Nxd7 13.Nd2 Nb6 14.f3 Re8 15.Rae1 Bd7
16.h4 Na4 17.Ndb1 Bf8 18.e4 Nb6 19.Qd2 Bg7 20.a3 Be6 21.Re2 Nd7 22.Rfe1 dxe4
23.fxe4 Qb6 24.Be3 Qd8 25.g3 Nf6 26.Bg5 h6 27.Bxf6 Qxf6 28.e5 Qf3 29.Qf4 Qxf4
30.gxf4 Rad8 31.Rd2 Bf5 32.Ne4 f6 33.Nbc3 a6 34.Kf2 b5 35.Nd6 Rxd6 36.exd6 Rd8
37.Nd5 Bg4 38.Nc7 Bf8 39.Ne6 Bxe6 40.Rxe6 Kf7 41.d5 Bxd6 42.Kf3 a5 43.h5 b4
44.hxg6+ Kxg6 45.axb4 axb4 46.Ke4 h5 47.Rg2+ Kf7 48.Rc2 Bb8 49.Rxc4 f5+ 50.Kd4 Bxf4
51.Rxb4 Rd7 52.Rb3 Bg5 53.Rf3 Bf6+ 54.Kc5 Kg6 55.b4 h4 56.b5 Rh7 57.Rh3 f4
58.b6 Kf5 59.Kc6 Be5 60.b7 Bb8 61.Re8 Rh6+ 62.Kb5 Bc7 63.b8=Q Bxb8 64.Rxb8 Kg4
65.Rh1 h3 66.Rg8+ Kf3 67.Kc5  1-0

[Event "FIDE GP"]
[Site "Dubai UAE"]
[Date "2002.04.05"]
[Round "3.1"]
[White "Dreev,A"]
[Black "Zhu Chen"]
[Result "1-0"]
[WhiteElo "2683"]
[BlackElo "2505"]

1.d4 d5 2.c4 c6 3.Nf3 Nf6 4.Qc2 dxc4 5.Qxc4 Bf5 6.Nc3 e6 7.g3 Nbd7 8.Bg2 Be7
9.O-O O-O 10.e3 Ne4 11.Rd1 Nxc3 12.bxc3 Be4 13.a4 Qa5 14.Qb3 Rab8 15.Ne1 Bxg2
16.Nxg2 b5 17.e4 e5 18.Bd2 Qc7 19.axb5 cxb5 20.Qa2 Rb7 21.Ne3 Nb6 22.Qa6 Na4
23.Nd5 Qd7 24.c4 exd4 25.cxb5 Nc5 26.Qc6 Nb3 27.Qxd7 Rxd7 28.Nxe7+ Rxe7 29.Bb4 Rc7
30.Ra3 Nc5 31.Rxd4 Ne6 32.Rd5 Rfc8 33.Kg2 h6 34.Bd2 Rb7 35.Be3 Nc7 36.Rc5 Rcb8
37.Bf4 Nxb5 38.Ra5 a6 39.Bxb8 Rxb8 40.Rxa6 Nd4 41.Rc4 Ne6 42.h4 g5 43.hxg5 hxg5
44.Rcc6 Nd4 45.Rc5 Ne6 46.Rxe6 fxe6 47.Rxg5+ Kf7 48.e5 Rb2 49.Kf3 Ra2 50.g4 Ra3+
51.Kg2 Ra2 52.Kg3 Ra3+ 53.f3 Ra5 54.Rh5 Kg6 55.Kh4 Ra1 56.Rg5+ Kf7 57.f4 Re1
58.Rh5 Kg6 59.f5+ exf5 60.Rxf5 Rh1+ 61.Kg3 Rg1+ 62.Kf4 Rf1+ 63.Ke4 Re1+ 64.Kd5 Rd1+
65.Ke6 Ra1 66.Rf6+ Kg7 67.g5 Rg1 68.Rf7+ Kg6 69.Rf8 Kg7 70.Ke7 Re1 71.e6 Ra1
72.Rc8 Ra6 73.Kd7 Ra7+ 74.Rc7 Ra1 75.e7 Rd1+ 76.Ke8 Rd2 77.Rc8 Rd1 78.Rd8  1-0

[Event "FIDE GP"]
[Site "Dubai UAE"]
[Date "2002.04.07"]
[Round "4.2"]
[White "Lautier,J"]
[Black "Zhu Chen"]
[Result "1-0"]
[WhiteElo "2687"]
[BlackElo "2505"]

1.c4 e5 2.Nc3 Nf6 3.Nf3 Nc6 4.g3 d5 5.cxd5 Nxd5 6.Bg2 Nb6 7.O-O Be7 8.Rb1 O-O
9.b4 Bf5 10.b5 Nd4 11.d3 f6 12.a4 a5 13.bxa6 Rxa6 14.Nd2 Ra7 15.Nb3 Kh8 16.a5 Nc8
17.Bd2 c6 18.Ne4 Nd6 19.Nxd4 exd4 20.Nxd6 Qxd6 21.Qc2 h6 22.Rb6 Bc8 23.Rfb1 Qe5
24.a6 bxa6 25.Bf4 Qh5 26.Bb8 Rd7 27.Bxc6 Rd5 28.Bxd5 Qxd5 29.Qc6 Qh5 30.Bd6 Qxe2
31.Qe4 Qxe4 32.dxe4 Bxd6 33.Rxd6 Bh3 34.Rxd4 Rc8 35.Ra4 Rc6 36.Rba1 Bc8 37.Kg2 g5
38.Rd4 Kg7 39.Rdd1 Be6 40.Rac1 Rb6 41.Rc7+ Kg6 42.Ra7 g4 43.Rd4 Rc6 44.Rb4 Bc4
45.f3 gxf3+ 46.Kxf3 Bb5 47.Rd4 Rc2 48.h4 Rc3+ 49.Kf4 Be2 50.e5 fxe5+ 51.Kxe5 Rxg3
52.Rd6+ Kh5 53.Rh7 Re3+ 54.Kf4 Rf3+ 55.Ke4 Kxh4 56.Rd2 Rf2 57.Ke3 Rf6 58.Rxe2  1-0

[Event "FIDE GP"]
[Site "Dubai UAE"]
[Date "2002.04.07"]
[Round "4.1"]
[White "Zhu Chen"]
[Black "Lautier,J"]
[Result "0-1"]
[WhiteElo "2505"]
[BlackElo "2687"]

1.d4 Nf6 2.c4 e6 3.Nf3 b6 4.g3 Ba6 5.b3 Bb4+ 6.Bd2 Be7 7.Nc3 O-O 8.Qc2 d5
9.cxd5 exd5 10.Bg2 c5 11.Rd1 Nc6 12.Bg5 h6 13.Be3 Qc8 14.O-O Rd8 15.dxc5 bxc5
16.Na4 Nb4 17.Qb2 d4 18.Bf4 Qe6 19.Ne5 g5 20.Bxa8 gxf4 21.a3 Rxa8 22.axb4 Qxe5
23.Nxc5 Bxe2 24.gxf4 Qh5 25.f3 Bxf1 26.Rxf1 Bxc5  0-1

[Event "FIDE GP"]
[Site "Dubai UAE"]
[Date "2002.04.08"]
[Round "5.1"]
[White "Short,N"]
[Black "Zhu Chen"]
[Result "1-0"]
[WhiteElo "2663"]
[BlackElo "2505"]

1.e4 c5 2.Nc3 Nc6 3.g3 g6 4.Bg2 Bg7 5.d3 d6 6.Nh3 e5 7.f4 Nge7 8.O-O O-O
9.f5 f6 10.g4 Rb8 11.a4 Bd7 12.Kh1 g5 13.Nxg5 fxg5 14.Bxg5 Bf6 15.Bh6 Bg7
16.Be3 Nd4 17.g5 Nexf5 18.exf5 Nxf5 19.Bd2 Bc6 20.Nd5 Kh8 21.Be4 Bxd5 22.Bxd5 Ne7
23.Bf7 d5 24.Qh5 Qb6 25.Rf3 Qxb2 26.Raf1 Rxf7 27.Qxf7 Ng6 28.Rh3 Nf8 29.g6 Qxc2
30.gxh7 Ne6 31.Bh6  1-0

[Event "FIDE GP"]
[Site "Dubai UAE"]
[Date "2002.04.08"]
[Round "5.2"]
[White "Zhu Chen"]
[Black "Short,N"]
[Result "0-1"]
[WhiteElo "2505"]
[BlackElo "2663"]

1.d4 e6 2.c4 Nf6 3.Nc3 Bb4 4.Qc2 d5 5.cxd5 exd5 6.Bg5 c5 7.Nf3 Nc6 8.e3 cxd4
9.exd4 h6 10.Bh4 O-O 11.O-O-O Be6 12.Kb1 Rc8 13.Qb3 Bxc3 14.Qxc3 Ne4 15.Qb3 g5
16.Bg3 Na5 17.Qb4 Nc4 18.Ka1 a5 19.Qxb7 a4 20.Bxc4 Rxc4 21.h4 a3 22.Rc1 axb2+
23.Qxb2 Qa5 24.Ne5 Ra8 25.hxg5 Ra4  0-1

[Event "2nd China-USA Summit"]
[Site "Shanghai CHN"]
[Date "2002.07.11"]
[Round "1"]
[White "Krush,I"]
[Black "Zhu Chen"]
[Result "0-1"]
[WhiteElo "2413"]
[BlackElo "2505"]

1.d4 d5 2.c4 c6 3.Nf3 Nf6 4.e3 Bf5 5.Nc3 e6 6.Nh4 Be4 7.f3 Bg6 8.Qb3 Qc7
9.Bd2 Nbd7 10.cxd5 exd5 11.e4 dxe4 12.Nxg6 hxg6 13.fxe4 Nb6 14.e5 Nfd5 15.Nxd5 Nxd5
16.Bc4 O-O-O 17.O-O-O Be7 18.g3 f6 19.Rde1 g5 20.h4 fxe5 21.dxe5 gxh4 22.gxh4 Bxh4
23.Qh3+ Qd7 24.Qxd7+ Kxd7 25.e6+ Kd6 26.e7 Nxe7 27.Bb4+ c5 28.Rd1+ Kc6 29.Bd2 Rd4
30.Be2 Rhd8 31.Bf3+ Kc7 32.Be3 Rc4+ 33.Kb1 Rxd1+ 34.Rxd1 Nf5 35.Bg1 Rf4 36.Be2 Kc6
37.Bf1 Bf2 38.Bg2+ Kb6 39.Bh2 Rd4 40.Rc1 Be3 41.Rh1 Rh4 42.Bf3 g5  0-1

[Event "2nd China-USA Summit"]
[Site "Shanghai CHN"]
[Date "2002.07.14"]
[Round "3"]
[White "Krush,I"]
[Black "Zhu Chen"]
[Result "1-0"]
[WhiteElo "2413"]
[BlackElo "2505"]

1.d4 d5 2.c4 c6 3.Nc3 Nf6 4.e3 a6 5.a4 e6 6.Nf3 Be7 7.b3 O-O 8.Bd3 c5 9.O-O Nc6
10.Bb2 Nb4 11.Rc1 b6 12.Bb1 Bb7 13.Ne5 Rc8 14.Qf3 Rc7 15.Qh3 h6 16.Rfd1 Qc8
17.Ne2 Ne4 18.Nf4 Bd6 19.f3 Ng5 20.Qg3 f6 21.h4 cxd4 22.hxg5 Bxe5 23.gxh6 g5
24.Bxd4 Bxd4 25.exd4 dxc4 26.Nxe6 Rcf7 27.Nxf8 Qxf8 28.h7+ Kh8 29.bxc4 Bc6
30.Re1 Bxa4 31.d5 b5 32.Bg6 Qc5+ 33.Qf2 Qxf2+ 34.Kxf2 Rf8 35.d6 Kg7 36.Bf5 bxc4
37.Rxc4 a5 38.Rc7+ Kh8 39.d7  1-0

[Event "2nd China-USA Summit"]
[Site "Shanghai CHN"]
[Date "2002.07.15"]
[Round "4"]
[White "Zhu Chen"]
[Black "Krush,I"]
[Result "1-0"]
[WhiteElo "2505"]
[BlackElo "2413"]

1.d4 d5 2.c4 dxc4 3.Nf3 Nf6 4.e3 e6 5.Bxc4 c5 6.O-O a6 7.Bb3 b5 8.a4 b4 9.Nbd2 Bb7
10.e4 Be7 11.e5 Nfd7 12.Re1 O-O 13.Ne4 cxd4 14.Bf4 Nc5 15.Nxc5 Bxc5 16.Rc1 Nd7
17.Nxd4 Qh4 18.Be3 Rad8 19.Rc4 Qe7 20.Qh5 Bd5 21.Nc6 Bxc6 22.Rh4 h6 23.Bxh6 g6
24.Qg4 Rfe8 25.Qh3 Nxe5 26.Rxe5 Bxf2+ 27.Kxf2 Qf6+ 28.Bf4 Rd2+ 29.Re2 Rxe2+
30.Kxe2 Qxb2+ 31.Bd2 Rd8 32.Qe3 a5 33.Qh6 Qe5+ 34.Kf1 Qa1+ 35.Bc1 Qf6+ 36.Kg1 Rd3
37.Qh7+ Kf8 38.Qh8+ Qxh8 39.Rxh8+ Kg7 40.Rh3 Rd7 41.Re3 Rc7 42.Bb2+ Kf8 43.Bf6 Ke8
44.Rd3 Bd7 45.Kf2 Rc5 46.g4  1-0

[Event "Queens v Kings"]
[Site "Jinan CHN"]
[Date "2002.07.21"]
[Round "2"]
[White "Seirawan,Y"]
[Black "Zhu Chen"]
[Result "1-0"]
[WhiteElo "2618"]
[BlackElo "2505"]

1.d4 d5 2.c4 c6 3.Nc3 Nf6 4.e3 a6 5.a4 Bf5 6.Qb3 Ra7 7.a5 e6 8.Qb6 Qxb6 9.axb6 Ra8
10.c5 Nbd7 11.b4 Rb8 12.Nf3 Ne4 13.Nxe4 Bxe4 14.Nd2 Bg6 15.Nb3 Kd8 16.Na5 Kc8
17.Nxb7 Rxb7 18.Bxa6 Nxb6 19.cxb6 Bxb4+ 20.Bd2 Bxd2+ 21.Kxd2 Kb8 22.Bxb7 Kxb7
23.Ra7+ Kxb6 24.Rha1 Rb8 25.Kc3 Rb7 26.Rxb7+ Kxb7 27.Kb4 Kb6 28.Ra8 Be4 29.f3 Bd3
30.Rg8 g6 31.Rg7 h5 32.Rxf7 Bf1 33.g3 g5 34.Rf6 Bg2 35.Rxe6 Bxf3 36.Re5 g4
37.Rxh5 Bg2 38.Rg5 Bf3 39.Rg6 Bd1 40.Rh6  1-0

[Event "Queens v Kings"]
[Site "Jinan CHN"]
[Date "2002.07.22"]
[Round "4"]
[White "Seirawan,Y"]
[Black "Zhu Chen"]
[Result "1-0"]
[WhiteElo "2618"]
[BlackElo "2505"]

1.d4 Nf6 2.c4 e6 3.Nf3 c5 4.e3 cxd4 5.exd4 d5 6.Nc3 Bb4 7.cxd5 Nxd5 8.Bd2 Nc6
9.Bd3 Nxc3 10.bxc3 Be7 11.O-O O-O 12.Qe2 Bf6 13.Rad1 g6 14.Bh6 Re8 15.Ne5 Qc7
16.Ng4 Bg7 17.Bxg7 Kxg7 18.Qe3 Qe7 19.Qh6+ Kg8 20.Rfe1 f5 21.Bxf5 gxf5 22.Nf6+ Kh8
23.Nxe8 Qxe8 24.d5 Ne7 25.Qf6+ Kg8 26.dxe6 Qf8 27.Qe5 h6 28.Qc7 Kh7 29.Rd8 Qg7
30.Re8 Nd5 31.Qxg7+ Kxg7 32.e7  1-0

[Event "Queens v Kings"]
[Site "Jinan CHN"]
[Date "2002.07.24"]
[Round "1"]
[White "Short,N"]
[Black "Zhu Chen"]
[Result "1-0"]
[WhiteElo "2682"]
[BlackElo "2505"]

1.e4 e5 2.f4 Bc5 3.Nf3 d6 4.Nc3 Nf6 5.Bc4 Nc6 6.d3 Bg4 7.Bb5 exf4 8.Bxf4 a6
9.Bxc6+ bxc6 10.h3 Nh5 11.Bh2 Bxf3 12.Qxf3 Qh4+ 13.Ke2 O-O 14.g4 Nf6 15.Bg3 Qg5
16.Bf4 Qg6 17.Na4 Ba7 18.Rae1 Rab8 19.b3 h5 20.gxh5 Qxh5 21.Be3 Bxe3 22.Kxe3 Qxf3+
23.Kxf3 Rb5 24.d4 Re8 25.c4 Rh5 26.Nc3 g6 27.h4 Kg7 28.Kg3 c5 29.e5 dxe5
30.dxc5 e4 31.b4 e3 32.Rhf1 c6 33.Rf4 Rhe5 34.Kf3 R8e7 35.Re2 Nh5 36.Re4 Rxe4
37.Nxe4 f5 38.Nd6 f4 39.a4 Re5 40.a5 Kf8 41.b5 cxb5 42.cxb5 Rxc5 43.b6 Rc1
44.Rb2 e2 45.Kxe2 Rh1 46.Kd2 Rh2+ 47.Kc3 Rxb2 48.Kxb2 Nf6 49.Nc4 Nd7 50.Kc3 Ke7
51.Kd4 Kf6 52.b7 g5 53.hxg5+ Kxg5 54.Ne5 Nb8 55.Kd5 Kf5 56.Kd6 Ke4 57.Ng4 Kf3
58.Nf6 Ke3 59.Kc7 f3 60.Kxb8 Kf4 61.Kc8  1-0

[Event "Queens v Kings"]
[Site "Jinan CHN"]
[Date "2002.07.24"]
[Round "2"]
[White "Zhu Chen"]
[Black "Short,N"]
[Result "1/2-1/2"]
[WhiteElo "2505"]
[BlackElo "2682"]

1.d4 Nf6 2.c4 e6 3.Nc3 d5 4.cxd5 exd5 5.Bg5 Nbd7 6.e3 h6 7.Bh4 Be7 8.Bd3 c6
9.Nge2 Nh5 10.Bxe7 Qxe7 11.Qc2 Nb6 12.O-O-O Bd7 13.Ng3 Nxg3 14.hxg3 O-O-O
15.Kb1 Kb8 16.Rc1 Rhe8 17.Ka1 Rc8 18.Rhd1 h5 19.Na4 Nxa4 20.Qxa4 c5 21.Qa3 c4
22.Qxe7 Rxe7 23.Be2 g6 24.Bf3 Bc6 25.b3 b5 26.a4 a6 27.axb5 axb5 28.Kb2 Ra7
29.Rc2 Kc7 30.Ra1 Rxa1 31.Kxa1 Ra8+ 32.Kb2 f5 33.Rc1 Kd6 34.b4 Ra7  1/2-1/2

[Event "Queens v Kings"]
[Site "Jinan CHN"]
[Date "2002.07.25"]
[Round "3"]
[White "Short,N"]
[Black "Zhu Chen"]
[Result "1-0"]
[WhiteElo "2682"]
[BlackElo "2505"]

1.e4 e5 2.Nf3 Nf6 3.Nxe5 d6 4.Nf3 Nxe4 5.d4 d5 6.Bd3 Bd6 7.O-O O-O 8.c4 c6
9.Re1 Bg4 10.h3 Bf5 11.Qb3 Na6 12.cxd5 cxd5 13.Nc3 Be6 14.Nb5 Nb4 15.Nxd6 Qxd6
16.Bb1 a6 17.Ng5 Nxg5 18.Bxg5 Rfe8 19.Bd2 Nc6 20.Qb6 Qd7 21.Bd3 Bxh3 22.gxh3 Qxh3
23.Re3 Rxe3 24.Bxe3 Re8 25.Bf1 Qg4+ 26.Bg2 h5 27.Qxb7 Nxd4 28.Bxd4 Qxd4 29.Bxd5 Qf6
30.Qc6 Qg5+ 31.Kf1 Qd2 32.Qxe8+  1-0

[Event "Queens v Kings"]
[Site "Jinan CHN"]
[Date "2002.07.25"]
[Round "4"]
[White "Zhu Chen"]
[Black "Short,N"]
[Result "0-1"]
[WhiteElo "2505"]
[BlackElo "2682"]

1.d4 e6 2.c4 b6 3.a3 Ba6 4.e4 d5 5.cxd5 Bxf1 6.Kxf1 exd5 7.Qe2 Be7 8.Nc3 dxe4
9.Qxe4 c6 10.Bg5 h6 11.Bxe7 Nxe7 12.Re1 Kf8 13.Nf3 Nd7 14.g3 Nf6 15.Qc2 g6
16.Kg2 Kg7 17.Qa4 Re8 18.Re2 b5 19.Qa6 Qb6 20.Qxb6 axb6 21.Rhe1 Kf8 22.Rc2 Rad8
23.Na2 Rd6 24.Rec1 Nd7 25.Ne5 Rxd4 26.Nxc6 Nxc6 27.Rxc6 Rd2 28.R1c2 Ree2
29.Rxd2 Rxd2 30.Nc3 Rxb2 31.Nd5 Ne5 32.Rxb6 Ng4 33.h3 Nxf2 34.a4 Nd3+ 35.Kf3 bxa4
36.Ra6 Rb3 37.Ra8+ Kg7 38.Nc7 a3 39.h4 a2 40.Ke4 Nb4 41.Ne8+ Kf8 42.Nf6+ Ke7
43.Nd5+ Nxd5 44.Kxd5 Rxg3 45.Rxa2 Rg4 46.Rh2 h5 47.Ke5 f5 48.Rh1 Re4+ 49.Kd5 Kf6
50.Rh2 g5 51.hxg5+ Kxg5 52.Rg2+ Kf4 53.Rh2 Kg4 54.Rg2+ Kf3 55.Rg5 f4 56.Rxh5 Re1
57.Kd4 Kg4 58.Rh8 f3 59.Rf8 Kg3 60.Rg8+ Kh2 61.Rf8 Kg2 62.Rg8+ Kf1 63.Kd3 f2
64.Kd2 Re5  0-1

[Event "FIDE Women's World Cup Gp D"]
[Site "Hyderabad IND"]
[Date "2002.10.10"]
[Round "1"]
[White "Zhu Chen"]
[Black "Meenakshi,S"]
[Result "0-1"]
[WhiteElo "2509"]
[BlackElo "2309"]

1.d4 d5 2.c4 c6 3.Nc3 Nf6 4.Nf3 g6 5.e3 Bg7 6.Bd3 O-O 7.O-O Bg4 8.h3 Bxf3
9.Qxf3 e6 10.b3 Qd6 11.a4 Qb4 12.Bd2 Qe7 13.Bc1 Qb4 14.Qe2 Re8 15.c5 Qa5
16.f4 Nbd7 17.Bd2 Qc7 18.b4 Nh5 19.Rfb1 e5 20.dxe5 Nxe5 21.fxe5 Bxe5 22.Qf3 Bh2+
23.Kf1 Re6 24.Qg4 d4 25.Ne2 dxe3 26.Bc3 Be5 27.Bxe5 Qxe5 28.Kg1 Rd8 29.Bc4 Rf6
30.Rf1 Rd2 31.Rae1 Kg7 32.Rxf6 Nxf6 33.Qf4 Qxf4 34.Nxf4 Rd4 35.Rxe3 Rxc4
36.g3 Rxb4 37.Re7 Nd5 38.Nxd5 cxd5 39.Rd7 Kf6 40.Kf2 Ke6 41.Rc7 Rxa4 42.Rxb7 Rc4
43.Rb5 h5 44.Ra5 f6 45.Ke3 Ke5 46.Kd3 g5 47.Kd2 Kd4 48.Ra6 Rxc5 49.Rxf6 Rc3
50.Rh6 Rxg3 51.Rxh5 Rg2+ 52.Ke1 a5 53.h4 g4 54.Rh8 Rh2 55.Kf1 a4 56.Ra8 Rxh4
57.Rxa4+ Ke3 58.Ra3+ Ke4 59.Rg3 d4 60.Ke2 d3+ 61.Kd2 Rh2+ 62.Ke1 d2+ 63.Kd1 Kf4
64.Ra3 g3 65.Ra4+ Kf3 66.Ra3+ Kf2 67.Ra7  0-1

[Event "FIDE Women's World Cup Gp D"]
[Site "Hyderabad IND"]
[Date "2002.10.11"]
[Round "2"]
[White "Wang Pin"]
[Black "Zhu Chen"]
[Result "1/2-1/2"]
[WhiteElo "2473"]
[BlackElo "2509"]

1.e4 c5 2.Nf3 d6 3.d4 cxd4 4.Nxd4 Nf6 5.Nc3 a6 6.Be3 e5 7.Nb3 Be6 8.f3 Be7
9.Qd2 O-O 10.O-O-O Nbd7 11.g4 Qc7 12.Kb1 b5 13.g5 Nh5 14.Ne2 Rfc8 15.Ng3 Nf4
16.h4 g6  1/2-1/2

[Event "FIDE Women's World Cup Gp D"]
[Site "Hyderabad IND"]
[Date "2002.10.13"]
[Round "4"]
[White "Zhu Chen"]
[Black "Ramaswamy,A"]
[Result "1-0"]
[WhiteElo "2509"]
[BlackElo "2271"]

1.d4 Nf6 2.c4 e6 3.Nf3 b6 4.g3 Ba6 5.b3 Bb4+ 6.Bd2 Be7 7.Bg2 c6 8.Bc3 d5
9.Nbd2 Nbd7 10.O-O O-O 11.Re1 Rc8 12.e4 b5 13.e5 Ne4 14.Nxe4 dxe4 15.Nd2 bxc4
16.bxc4 Nb6 17.c5 Nd5 18.Nxe4 Rb8 19.Bd2 f6 20.Nd6 Qd7 21.Qc2 f5 22.Bxd5 cxd5
23.c6 Qc7 24.Rac1 Rb6 25.Ba5 Bxd6 26.exd6 Qxd6 27.Bxb6 axb6 28.Qa4 Bc4 29.Rxc4 dxc4
30.Qxc4 Kf7 31.Rb1 Rb8 32.Rb5 Ke7 33.d5 e5 34.Qh4+ Qf6 35.c7 Rc8 36.d6+ Kd7
37.Qxf6 gxf6 38.Rxb6  1-0

[Event "FIDE Women's World Cup Gp D"]
[Site "Hyderabad IND"]
[Date "2002.10.14"]
[Round "5"]
[White "Dworakowska,J"]
[Black "Zhu Chen"]
[Result "1/2-1/2"]
[WhiteElo "2389"]
[BlackElo "2509"]

1.e4 c5 2.Nf3 d6 3.d4 cxd4 4.Nxd4 Nf6 5.Nc3 a6 6.Be3 e5 7.Nb3 Be6 8.f3 Be7
9.Qd2 O-O 10.O-O-O Qc7 11.g4 Rc8 12.g5 Nh5 13.Kb1 b5 14.Ne2 Nc6 15.Nc3 Nd4
16.Bxd4 b4 17.h4 bxc3 18.Bxc3 a5 19.Nc1 a4 20.Bb4 Rab8 21.Ba6 Re8 22.a3 Qb6
23.Bd3 g6 24.c4 Nf4 25.Bf1 Rec8 26.Ne2 Nh5 27.Nc3 Ng3 28.Rh2 Nxf1 29.Rxf1 Rxc4
30.h5 Rd4 31.Qg2 Qa6 32.hxg6 fxg6 33.Rfh1 Qd3+ 34.Ka1 h5 35.gxh6 Kh7 36.Rg1 g5
37.Rh5 Rg8 38.Qf2 Rf8 39.Qg2 Rxf3 40.Rhh1 Rxb4 41.Rd1 Qe3 42.Rhe1 Qf4 43.axb4 a3
44.Qc2 axb2+ 45.Kxb2 Bf8 46.Nd5 Qf7 47.Ne3 Qb7 48.Nd5 Kh8 49.Rf1 Rf4 50.Rxf4 gxf4
51.Qc3 Bxh6 52.Nc7 Bg4 53.Rxd6 Bg7 54.Rd8+ Kh7 55.Qc4 Qb6 56.Rd2 f3 57.Nd5 Qh6
58.Qc2 Kg8 59.Rh2 Qa6 60.Qc7 Qb5 61.Qd8+ Kf7 62.Qe7+ Kg6 63.Qh4 Qd7 64.Qh7+ Kf7
65.Rc2 Qb5 66.Rc7+ Bd7 67.Qf5+ Ke8 68.Qxf3 Qa4 69.Qg2 Kf7 70.Qg5 Bf8 71.Qd8  1/2-1/2

[Event "Olympiad w"]
[Site "Bled SLO"]
[Date "2002.10.27"]
[Round "2"]
[White "Zhu Chen"]
[Black "Lagvilava,G"]
[Result "1-0"]
[WhiteElo "2509"]
[BlackElo "2284"]

1.d4 f5 2.g3 Nf6 3.Bg2 d6 4.Nf3 g6 5.O-O Bg7 6.c4 O-O 7.Nc3 c6 8.d5 e5 9.dxe6 Bxe6
10.b3 Qe7 11.Bb2 Na6 12.Ng5 Bd7 13.Qc2 Rad8 14.Rad1 h6 15.Nf3 Bc8 16.Nh4 Qf7
17.Ba3 Ne8 18.e3 Nac7 19.Ne2 g5 20.Nf3 Ne6 21.Rd2 f4 22.exf4 gxf4 23.Rfd1 fxg3
24.fxg3 Qh5 25.Nh4 Ng5 26.Nf4 Qg4 27.Kh1 Rxf4 28.gxf4 Nh3 29.Ng6 Bf6 30.Be4 Ng7
31.Rg2 Qh5 32.Rxd6 Rxd6 33.Bxd6 Bg4 34.c5 Be6 35.Qd3  1-0

[Event "Olympiad w"]
[Site "Bled SLO"]
[Date "2002.10.31"]
[Round "6"]
[White "Vajda,S"]
[Black "Zhu Chen"]
[Result "1/2-1/2"]
[WhiteElo "2365"]
[BlackElo "2509"]

1.e4 c5 2.c3 d5 3.exd5 Qxd5 4.d4 Nc6 5.Nf3 Bg4 6.Be2 cxd4 7.cxd4 e6 8.h3 Bh5
9.Nc3 Qa5 10.d5 exd5 11.Nd4 Bxe2 12.Qxe2+ Be7 13.Nxc6 bxc6 14.O-O Rd8 15.Bd2 d4
16.Ne4 Qe5 17.Rfe1 Kf8 18.Qa6 g6 19.Qxa7 Kg7 20.Rac1 Qb8 21.Qxb8 Rxb8 22.Rxc6 Rxb2
23.Bf4 Rxa2 24.Be5+ f6 25.Bxd4 Ra4 26.Nc5 Bxc5 27.Bxc5 g5 28.Re8 h5 29.Rc7+ Kg6
30.Rcc8 Kg7 31.Be3 Kf7 32.Rf8+ Kg7 33.Rfd8 Re4 34.Bc5 h4 35.Kf1 Kf7 36.Rd7+ Kg6
37.Be3 g4 38.Ke2 Ra4 39.hxg4 Rxg4 40.Kf3 Ra4 41.Rdd8 Kg7 42.Bd4 h3 43.gxh3 Rxh3+
44.Kg2 Rh8 45.Rc3 Kf7 46.Rc7+ Kg6 47.Rcc8  1/2-1/2